Notimex

Detalles Bibliográficos
Formato: Revista
Lenguaje:español
Publicado: Mx̌ico D.F. : Notimex, 2011-
Materias:
Acceso en línea:http://www.vlex.com/source/7321

MARC

LEADER 00000nas a22000007a 4500
005 20130326144330.0
007 cr|||| ||||
008 130326c20119999mx dr|p s|||| 0|||b1spa d
035 |a 7321 
040 |a vLex 
090 |c 4022  |d 4022 
245 0 0 |a Notimex  |h [Recurso electrn̤ico] 
256 |a Servicio en ln̕ea 
260 |a Mx̌ico D.F. :  |b Notimex,   |c 2011- 
300 |a 1 Recurso electrn̤ico 
506 |d vLex Global  |d vLex Global (Academic Edition, excluding Law Schools)  |d vLex Global (U.S. Academic Edition, Law Schools)  |d vLex Global (U.S. Academic Edition, excluding Law Schools)  |d vLex Global (Academic Edition, Law Schools) 
650 0 4 |a Informacin̤ general  |v Revistas  |z Mx̌ico 
740 |a vLex Revistas (Servicio en ln̕ea) 
856 |a Acceso restringido  |u http://www.vlex.com/source/7321 
942 |c REV 
999 0 |a News